00809nam a2200217 a 450000100100000000500170001000800410002704000250006808200190009310000430011224500510015526000400020630000270024650000620027359000260033565000280036165000310038991000370042095201170045799900170057400001080520240412074221.0091012s2004 dr a 000 p spa d aDO-SdBNPbspacBNPHU aRD861.44bO64a1 aOrbe, Justo Orlando del,d1963-92610410aA veces te recuerdo /cJusto Orlando del Orbe. a[Santo Domingo] :bSEEBAC,c[19--]. a65 p. :bil. ;c21 cm. aIncluye datos biográficos del autor en la contraportada aInventariado, 2018/LP 0aPoesía dominicana966 0aLiteratura dominicana.967 aValidado. Control de calidad MFF 0010718PDaPDbPDcHDd2009-10-12iLF1l0oRD861.44 O64ap10805-10r2020-06-25w2020-06-25yLFPDZNo se presta c10554d10554